LEADER 00521naa a2200133 i 4500 001 000000326307 003 CaOOAMICUS 005 20180831173519.0 008 180831n it u000 u ita u 013 $a37452 040 $aSeMil$bita 245 14$aGli angeli e i demoni negli Atti degli apostoli. 773 0 $aStudio Biblico Teologico Aquilano$tAngeli e demoni nella Bibbia.$dL'Aquila : ISSRA, copyr. 1998.$kStudi biblici$gp.169-194$w()107346 996 $6245$aGli angeli e i demoni negli Atti degli apostoli$9(OLS)http://semarc/title/399414 LEADER 01121nam a2200277 i 4500 001 000000075687 003 CaOOAMICUS 005 20060831000000.0 008 060831s1994 it u000 u ita u 013 $a46859 020 $a88-399-1581-8 040 $aSeMil$bita 100 1 $aFabris, Rinaldo,$c.$0(OLS)http://semarc/name/340 245 10$aAtti degli apostoli$cRinaldo Fabris. 250 $a4. ed. aggiornata. 260 $aBrescia :$bQueriniana,$c1994. 300 $a122 p. ;$c21 cm. 490 0 $aLeggere oggi la Bibbia ;$v2.5 650 4$aBibbia. Nuovo Testamento. Atti degli Apostoli - Commentari, studi, critica, interpretazioni.$0(OLS)http://semarc/subject/30 830 0$aLeggere oggi la Bibbia ;$v2.5.$0(OLS)http://semarc/title/15 850 $aSeMil 852 $aSeMil$W1$xVenegono$y1$m2W VII 51$j41839$B41839$CSeMilBibl$Z2$F41843 $81 961 $aOmaggio: Donazione 996 $6020$a88-399-1581-8$9(OLS)http://semarc/number/56312 996 $6245$aAtti degli apostoli$9(OLS)http://semarc/title/41331 996 $6260$aBrescia :$bQueriniana$9(OLS)http://semarc/publisher/29615